<?xml version="1.0" encoding="UTF-8"?>
<marc:record xmlns:marc="http://www.loc.gov/MARC21/slim">
   <marc:leader>00000nam a2200000 a 4500</marc:leader>
   <marc:datafield ind1="1" ind2=" " tag="100">
      <marc:subfield code="a">Sands, Lynsay</marc:subfield>
      <marc:subfield code="4">aut</marc:subfield>
      <marc:subfield code="e">Verfasser/-in</marc:subfield>
   </marc:datafield>
   <marc:datafield ind1="1" ind2=" " tag="100">
      <marc:subfield code="a">Sander, Ralph</marc:subfield>
      <marc:subfield code="4">trl</marc:subfield>
      <marc:subfield code="e">Übersetzer/-in</marc:subfield>
   </marc:datafield>
   <marc:datafield ind1="1" ind2=" " tag="100">
      <marc:subfield code="a">Sands, Lynsay</marc:subfield>
   </marc:datafield>
   <marc:datafield ind1="0" ind2="0" tag="245">
      <marc:subfield code="a">Vampire sind die beste Medizin</marc:subfield>
   </marc:datafield>
   <marc:datafield ind1="0" ind2="0" tag="245">
      <marc:subfield code="c">Lynsay Sands. Ins Dt.übertr. von Ralph Sander;</marc:subfield>
   </marc:datafield>
   <marc:datafield ind1=" " ind2="1" tag="264">
      <marc:subfield code="a">Köln</marc:subfield>
      <marc:subfield code="b">LYX Egmont</marc:subfield>
      <marc:subfield code="c">2010</marc:subfield>
   </marc:datafield>
   <marc:datafield ind1="1" ind2=" " tag="520">
      <marc:subfield code="a">Angaben aus der Verlagsmeldung

Vampire sind die beste Medizin 09 Vampire Interrupted / von Lynsay Sands

Mit ihren siebenhundert Jahren will die Vampirin Marguerite Argeneau endlich eine eigene Karriere starten und lässt sich zur Privatdetektivin ausbilden. Als sie ihren ersten Auftrag erhält, geht sie mit Feuereifer ans Werk. Sie soll die Mutter eines Unsterblichen aufspüren. Was Marguerite zunächst für einen leichten Job hält, nimmt jedoch schon bald gefährliche Ausmaße an, als ein Unbekannter sie mit einem Schwert bedroht. Doch zum Glück eilt der Vampir Julius Marguerite zur Hilfe. Er ist überzeugt, dass sie seine Seelengefährtin ist, und will sie für sich gewinnen. Allerdings ist es schon fünfhundert Jahre her, seit er das letzte Mal eine Frau umworben hat, und er ist deshalb ein wenig aus der Übung ...
</marc:subfield>
   </marc:datafield>
   <marc:datafield ind1=" " ind2=" " tag="020">
      <marc:subfield code="a">9783802583735</marc:subfield>
      <marc:subfield code="9">9783802583735</marc:subfield>
   </marc:datafield>
   <marc:datafield ind1=" " ind2=" " tag="041">
      <marc:subfield code="a">ger</marc:subfield>
   </marc:datafield>
   <marc:datafield ind1=" " ind2=" " tag="300">
      <marc:subfield code="a">364 S.</marc:subfield>
   </marc:datafield>
</marc:record>
